[Event "Asuncion CIT op"]
[Site "Asuncion"]
[Date "2023.08.13"]
[Round "3"]
[White "Rodi, Luis Ernesto"]
[Black "Bachmann, Axel"]
[Result "1/2-1/2"]
[WhiteElo "2266"]
[BlackElo "2611"]
[PlyCount "89"]
[EventDate "2023.08.12"]
[EventType "swiss"]
[EventRounds "9"]
[EventCountry "PAR"]
[SourceTitle "CBM 215 Extra"]
[Source "ChessBase"]
[SourceDate "2023.09.30"]
[SourceVersion "1"]
[SourceVersionDate "2023.09.30"]
[SourceQuality "1"]

1. e4 c5 2. Nc3 e6 3. Nf3 a6 4. g3 b5 5. Bg2 Bb7 6. d4 cxd4 7. Nxd4 Nf6 8. 0-0 Qc7 9. Re1 d6 10. a4 bxa4 11. Nd5 exd5 12. exd5+ Kd8 13. Bg5 Nbd7 14. Ra3 h6 15. Nc6+ Bxc6 16. dxc6 hxg5 17. cxd7 d5 18. Rd3 Ra7 19. Bxd5 Bc5 20. Bxf7 Nxd7 21. Qh5 Bxf2+ 22. Kf1 Rf8 23. Re8+ Rxe8 24. Bxe8 Qe5 25. Bxd7 Rxd7 26. Rxd7+ Kxd7 27. Qf7+ Kd6 28. Qf8+ Kc7 29. Qf7+ Kc6 30. Kxf2 Qxb2 31. Qc4+ Kb6 32. Qxa4 a5 33. Qe4 Qc3 34. Ke2 Kb5 35. Kd1 a4 36. Qb7+ Kc5 37. Qe7+ Kc4 38. Qc7+ Kb4 39. Qe7+ Qc5 40. c3+ Kc4 41. Qe4+ Kb5 42. Qb7+ Qb6 43. Qd5+ Qc5 44. Qb7+ Qb6 45. Qd5+ 1/2-1/2

[Event "Sunnyvale 1000 GM 07"]
[Site "Sunnyvale"]
[Date "2023.07.29"]
[Round "2"]
[White "Rodi, Luis Ernesto"]
[Black "Sathish, Pranav"]
[Result "0-1"]
[WhiteElo "2295"]
[BlackElo "2448"]
[PlyCount "136"]
[EventDate "2023.07.28"]
[EventType "schev"]
[EventRounds "9"]
[EventCountry "USA"]
[SourceTitle "CBM 215 Extra"]
[Source "ChessBase"]
[SourceDate "2023.09.30"]
[SourceVersion "1"]
[SourceVersionDate "2023.09.30"]
[SourceQuality "1"]

1. e4 e5 2. Nf3 Nc6 3. Bb5 Nf6 4. 0-0 Nxe4 5. Re1 Nd6 6. Nxe5 Be7 7. Bf1 Nxe5 8. Rxe5 0-0 9. d4 Bf6 10. Re1 Re8 11. c3 Rxe1 12. Qxe1 Ne8 13. d5 d6 14. Be3 g6 15. Nd2 Bf5 16. h3 h5 17. Nb3 Ng7 18. Qd2 Bd7 19. Nd4 Nf5 20. Nxf5 Bxf5 21. Re1 Qd7 22. Bd4 Bxd4 23. Qxd4 Re8 24. Re3 Rxe3 25. fxe3 Qe7 26. Qxa7 b6 27. Kf2 Qh4+ 28. Ke2 Qc4+ 29. Kf2 Qxd5 30. Qxc7 Qd2+ 31. Kg1 Qxe3+ 32. Kh2 Qf2 33. Qc4 Qxb2 34. Qd4 Qxa2 35. Qxd6 Qe6 36. Qd4 Qc6 37. Qe5 Qc5 38. Qf6 Qf2 39. Bb5 h4 40. Bc6 Qg3+ 41. Kh1 Qe1+ 42. Kh2 Qe6 43. Qd8+ Kg7 44. Qd4+ Qf6 45. Qc4 Qd6+ 46. Kh1 Qc5 47. Qa4 Qxc3 48. Bf3 Bxh3 49. Qxh4 Be6 50. Qa4 g5 51. Qb5 Qe1+ 52. Kh2 Qh4+ 53. Kg1 Qd4+ 54. Kh1 g4 55. Qg5+ Kf8 56. Be2 Qc5 57. Qh6+ Ke7 58. Qh4+ Kd7 59. Qe1 Qh5+ 60. Kg1 Ke7 61. Qg3 Qc5+ 62. Kh1 Qc1+ 63. Kh2 Qd2 64. Qh4+ Kd7 65. Bb5+ Kc7 66. Qe7+ Bd7 67. Qxf7 g3+ 68. Kh1 Qc1+ 0-1

[Event "Milpitas"]
[Site "Milpitas"]
[Date "2023.07.18"]
[Round "9"]
[White "Rodi, Luis Ernesto"]
[Black "Deng, Henry"]
[Result "1/2-1/2"]
[WhiteElo "2295"]
[BlackElo "2212"]
[PlyCount "69"]
[EventDate "2023.07.14"]
[EventType "schev"]
[EventRounds "9"]
[EventCountry "USA"]
[SourceTitle "EXT 2024"]
[Source "ChessBase"]
[SourceDate "2023.10.10"]
[SourceVersion "1"]
[SourceVersionDate "2023.10.10"]
[SourceQuality "1"]

1. e4 c5 2. Nf3 e6 3. d4 cxd4 4. Nxd4 Nf6 5. Nc3 Nc6 6. Nxc6 bxc6 7. e5 Nd5 8. Ne4 Qc7 9. f4 Qb6 10. c4 Ne3 11. Qd3 Bb4+ 12. Bd2 Ba6 13. Bxb4 Qxb4+ 14. Kf2 Qxb2+ 15. Be2 Nxc4 16. Rab1 Nxe5 17. fxe5 Qxe5 18. Qxa6 Qxe4 19. Rhd1 0-0 20. Bf3 Qf5 21. Kg1 Rfc8 22. Qc4 d5 23. Qc5 g6 24. Rb7 Qf4 25. Rf1 Qe5 26. Qe7 Rf8 27. h3 Qd4+ 28. Kh1 c5 29. Bg4 Rae8 30. Qc7 Rc8 31. Qe7 Rce8 32. Qc7 Rc8 33. Qe7 Rce8 34. Qc7 Rc8 35. Qe7 1/2-1/2

[Event "Milpitas"]
[Site "Milpitas"]
[Date "2023.07.16"]
[Round "4"]
[White "Rodi, Luis Ernesto"]
[Black "Mei, Austin"]
[Result "1-0"]
[WhiteElo "2295"]
[BlackElo "2274"]
[PlyCount "83"]
[EventDate "2023.07.14"]
[EventType "schev"]
[EventRounds "9"]
[EventCountry "USA"]
[SourceTitle "EXT 2024"]
[Source "ChessBase"]
[SourceDate "2023.10.10"]
[SourceVersion "1"]
[SourceVersionDate "2023.10.10"]
[SourceQuality "1"]

1. e4 e5 2. Nf3 Nc6 3. d4 exd4 4. Nxd4 Nf6 5. Nxc6 bxc6 6. e5 Qe7 7. Qe2 Nd5 8. h4 f6 9. c4 Ba6 10. Rh3 fxe5 11. Bg5 Nf6 12. Re3 0-0-0 13. Rb3 d5 14. Qc2 e4 15. g3 Qe6 16. Nd2 Be7 17. 0-0-0 Rhe8 18. cxd5 cxd5 19. Bf4 Rd7 20. Bh3 Qxh3 21. Qc6 Rd6 22. Bxd6 Bxd6 23. Qxa6+ Kd7 24. Qxa7 Ke7 25. Nf1 Qd7 26. Ne3 Ke6 27. Kb1 h5 28. Qb7 c6 29. Rc1 Rc8 30. Qa6 c5 31. Rb6 Rc7 32. Nf5 Kxf5 33. Rxd6 Qe7 34. Rc6 c4 35. R1xc4 Ra7 36. Qb5 Rb7 37. Rxf6+ Kxf6 38. Qxd5 g6 39. Rxe4 Qd7 40. Rf4+ Kg7 41. Qxd7+ Rxd7 42. a4 1-0

[Event "Milpitas"]
[Site "Milpitas"]
[Date "2023.07.15"]
[Round "2"]
[White "Rodi, Luis Ernesto"]
[Black "Sun, Kevin"]
[Result "1-0"]
[WhiteElo "2295"]
[BlackElo "1759"]
[PlyCount "113"]
[EventDate "2023.07.14"]
[EventType "schev"]
[EventRounds "9"]
[EventCountry "USA"]
[SourceTitle "EXT 2024"]
[Source "ChessBase"]
[SourceDate "2023.10.10"]
[SourceVersion "1"]
[SourceVersionDate "2023.10.10"]
[SourceQuality "1"]

1. e4 c5 2. Nc3 Nc6 3. Bb5 Nd4 4. Nf3 e6 5. 0-0 a6 6. Bd3 Nxf3+ 7. Qxf3 Bd6 8. Re1 Qc7 9. g3 Ne7 10. b3 Nc6 11. Bb2 0-0 12. Qh5 Ne5 13. Be2 Re8 14. f4 Nc6 15. e5 Bf8 16. Ne4 h6 17. Bd3 b5 18. Ng5 Re7 19. Ne4 Re8 20. Nf6+ gxf6 21. Bh7+ Kxh7 22. Qxf7+ Bg7 23. exf6 Rg8 24. fxg7 Qd8 25. f5 Qe8 26. fxe6 dxe6 27. Qf3 Bb7 28. Qd3+ Qg6 29. Qd7 Rxg7 30. Bxg7 Qxg7 31. Qxg7+ Kxg7 32. Rxe6 Rd8 33. d3 Rf8 34. Rf1 Rxf1+ 35. Kxf1 h5 36. Rd6 Ba8 37. c3 b4 38. cxb4 Nxb4 39. a3 Nc6 40. Rd5 Nd4 41. Rxc5 Bf3 42. b4 Kg6 43. Kf2 Bg4 44. Ke3 Nf5+ 45. Kf4 Nd4 46. Ke4 Nf3 47. Rc6+ Kg7 48. h4 Nd2+ 49. Kf4 Nb3 50. Rxa6 Nd4 51. Ke3 Nf5+ 52. Kf2 Nd4 53. a4 Bf5 54. b5 Nb3 55. b6 Nc5 56. Ra7+ Kf6 57. b7 1-0